| 000 | 01585nam0a22003371 4500 | ||
|---|---|---|---|
| 001 | rc\324206 | ||
| 005 | 20250621035145.0 | ||
| 010 |
_a5-280-00636-X _978000 |
||
| 035 | _a(NLR Aleph) 005558250 | ||
| 090 |
_a5883518 _c5883518 |
||
| 100 | _a20030307d1989 |||y0rusy50 ca | ||
| 101 | 0 | _arus | |
| 102 | _aRU | ||
| 105 | _ay ||||||||| | ||
| 200 | 1 |
_aКашпар Лен-мститель _e[Сборник] _eПер. с чеш. _fКарел Матей Чапек-Ход _g[Сост. и предисл., с. 3-20, В. Зинченко] |
|
| 210 |
_aМ. _cХудож. лит. _d1989 |
||
| 215 |
_a731, [2] с. _d21 |
||
| 327 | 1 | _aСодерж.: Романы: Кашпар Лен-мститель; Турбина; Новеллы: Фельдфебель Леманинский; Эксперимент; Кто кого...; Сто граммов тела | |
| 464 | 0 |
_12001#$aКашпар Лен-мститель _tКашпар Лен-мститель |
|
| 464 | 0 |
_12001#$aТурбина _tТурбина |
|
| 464 | 0 |
_12001#$aФельдфебель Леманинский _tФельдфебель Леманинский |
|
| 464 | 0 |
_12001#$aЭксперимент _tЭксперимент |
|
| 464 | 0 |
_12001#$aКто кого... _tКто кого... |
|
| 464 | 0 |
_12001#$aСто граммов тела _tСто граммов тела |
|
| 700 | 1 |
_7ca _8rus _aЧапек-Ход _bК. М. _f1860-1927 _gКарел Матей _9238191 _3RU\NLR\AUTH\770238247 |
|
| 801 | 0 |
_aRU _bNLR _gpsbo |
|
| 801 | 1 |
_aRU _bELAR _2rusmarc |
|
| 852 |
_aNLR _j89-3/13022 |
||
| 942 | _cBOOK | ||
| 980 | _aNB | ||